<?xml version="1.0" encoding="UTF-8"?>
<record
    xmlns:xsi="http://www.w3.org/2001/XMLSchema-instance"
    xsi:schemaLocation="http://www.loc.gov/MARC21/slim http://www.loc.gov/standards/marcxml/schema/MARC21slim.xsd"
    xmlns="http://www.loc.gov/MARC21/slim">

  <leader>00491nam a2200169Ia 4500</leader>
  <controlfield tag="008">230718s9999    xx            000 0 und d</controlfield>
  <datafield tag="020" ind1=" " ind2=" ">
    <subfield code="a">9780446394598</subfield>
  </datafield>
  <datafield tag="041" ind1=" " ind2=" ">
    <subfield code="a">eng</subfield>
  </datafield>
  <datafield tag="082" ind1=" " ind2=" ">
    <subfield code="a">973.7'092</subfield>
    <subfield code="b">PHI</subfield>
  </datafield>
  <datafield tag="100" ind1=" " ind2=" ">
    <subfield code="a">Phillips D.T.</subfield>
    <subfield code="9">173641</subfield>
  </datafield>
  <datafield tag="245" ind1=" " ind2=" ">
    <subfield code="a">Lincoln On Leadership</subfield>
    <subfield code="b">Executive Strategies For Tough Times</subfield>
  </datafield>
  <datafield tag="260" ind1=" " ind2=" ">
    <subfield code="c">2009</subfield>
    <subfield code="b">Business Plus</subfield>
  </datafield>
  <datafield tag="300" ind1=" " ind2=" ">
    <subfield code="a">193</subfield>
  </datafield>
  <datafield tag="365" ind1=" " ind2=" ">
    <subfield code="c">Rs.</subfield>
    <subfield code="b">550.00</subfield>
  </datafield>
  <datafield tag="700" ind1=" " ind2=" ">
    <subfield code="a">Phillips D.T.</subfield>
    <subfield code="9">173641</subfield>
  </datafield>
  <datafield tag="906" ind1=" " ind2=" ">
    <subfield code="d">O:0088529-Jun-2010B:408203-May-2010</subfield>
    <subfield code="c">GENRL</subfield>
    <subfield code="b">110</subfield>
  </datafield>
  <datafield tag="999" ind1=" " ind2=" ">
    <subfield code="c">325126</subfield>
    <subfield code="d">325126</subfield>
  </datafield>
  <datafield tag="952" ind1=" " ind2=" ">
    <subfield code="0">0</subfield>
    <subfield code="1">0</subfield>
    <subfield code="4">0</subfield>
    <subfield code="7">0</subfield>
    <subfield code="a">CCEP</subfield>
    <subfield code="b">CCEP</subfield>
    <subfield code="d">2010-06-30</subfield>
    <subfield code="e">Tbs</subfield>
    <subfield code="f">GENRL</subfield>
    <subfield code="g">440.00</subfield>
    <subfield code="i">4082</subfield>
    <subfield code="l">2</subfield>
    <subfield code="o">973.7'092</subfield>
    <subfield code="p">CCEP-BK-36333</subfield>
    <subfield code="r">2024-03-05 00:00:00</subfield>
    <subfield code="s">2024-02-20</subfield>
    <subfield code="t">110</subfield>
    <subfield code="v">550.00</subfield>
    <subfield code="w">2010-05-03</subfield>
    <subfield code="y">BK</subfield>
    <subfield code="z">036333</subfield>
  </datafield>
</record>
